[Event "Stay Safe Play From Home 360"]
[Site "Emanuel Lasker Arena"]
[Date "2020.08.05"]
[Round "4"]
[White "Chesstiger9"]
[Black "SelamiSahin"]
[Result "1/2-1/2"]
[WhiteElo "1970"]
[BlackElo "2104"]
[Annotator "TA"]
[PlyCount "127"]
[EventDate "2020.08.05"]
[EventType "swiss (blitz)"]

{[%evp 9,127,0,0,4,67,67,67,55,70,61,138,130,238,183,287,293,277,281,297,300,310,311,368,312,309,309,340,330,330,339,345,337,404,229,517,448,444,416,463,455,564,612,570,572,641,637,615,625,606,477,535,452,406,402,404,385,556,314,304,291,341,324,582,568,573,0,0,0,0,0,0,0,0,-29,-29,-20,-19,-43,0,-52,-2,-88,0,0,11,0,0,0,0,0,0,0,0,0,0,0,0,0,0,0,0,0,0,0,0,0,0,0,0,0,0,0,0,0,0,0,0,0,0,0]} 1. d4 Nf6 2. Nf3 c5 3. e3 g6 4. Bd3 Bg7 5. c3 O-O 6. dxc5 {[#] A48: 1 d4 Nf6 2 Nf3 g6: Torre, London and Colle Systems.} Qa5 $146 ({Better is} 6... Qc7 $11) ({Predecessor:} 6... Nc6 7. e4 Ng4 8. O-O Nge5 9. Bc2 Nxf3+ 10. Qxf3 Ne5 11. Qe2 d5 12. Bf4 Bd7 13. exd5 {1-0 (30) Blais,R (1401)-Wakeham,M (736) LSS email 2013}) 7. b4 $14 Qc7 8. Bb2 {White is slightly better.} a5 9. a3 Nd5 (9... d5 $14) 10. Qb3 e6 (10... Nf6 $16) 11. Nbd2 b6 (11... Nc6 {was necessary.} 12. O-O f5) 12. c4 $18 Nf6 13. cxb6 Qxb6 14. c5 Qb7 15. O-O Na6 16. Bxf6 Bxf6 17. Be4 Qb8 18. Bxa8 Bxa1 19. Rxa1 Qxa8 20. Nc4 Qb8 {[%cal Ra5b4]} 21. Nb6 (21. Nxa5 $142 d6 22. c6) 21... d5 $2 (21... d6 22. Qd3 axb4) 22. Nd4 Qc7 23. h3 Bb7 24. Rc1 e5 25. Nb5 Qc6 {Hoping for ...d4.} 26. Nd6 d4 {[%csl Gb7][%cal Rc6g2]} 27. Nxb7 Qxb7 28. exd4 exd4 29. bxa5 Nc7 30. Qd3 Ne6 31. c6 Qc7 32. Nd5 Qd6 (32... Qxa5 $142 33. Ne7+ Kg7) 33. Nf6+ Kg7 34. Ne4 Qe5 35. g3 Qxa5 $2 {[#]} (35... h5 {is a better defense.} 36. a6 Re8) 36. c7 $1 {[%mdl 512]} Rc8 (36... Nxc7 37. Qxd4+) 37. Rc4 $2 (37. Nd6 $18 Rxc7 38. Ne8+ {[%mdl 64] Double Attack} Kh6 39. Nxc7 Nxc7 40. Qxd4) 37... Rxc7 $11 38. Rxc7 Qxc7 39. a4 Qa5 40. Qd1 f5 41. Nd6 Qd5 42. Nb5 d3 43. Nc3 Qd4 (43... Qc4 {feels hotter.} 44. Qd2 f4 45. Kg2 g5 46. a5 Kf7) 44. Nb5 (44. Qd2 $11) 44... Qd7 45. Nc3 (45. Qd2 $11 {remains equal.}) 45... Nc5 (45... d2 $17 46. Nb1 Ng5 47. Nxd2 {[#]} Qxd2 $1 {[%mdl 576] Remove Defender} 48. Qxd2 Nf3+ {[%mdl 64] Double Attack} 49. Kg2 Nxd2) 46. a5 {The position is equal.} Ne4 47. Nxe4 fxe4 {[%mdl 4096] Endgame KQ-KQ} 48. Qd2 Qa7 49. Qc3+ Kh6 $1 50. h4 e3 {Threatens to win with ...e2.} 51. Qxd3 exf2+ 52. Kf1 {Black must now prevent a6.} Qxa5 {( -> ...Qe1+)} 53. Kxf2 Qa2+ 54. Kf3 Qf7+ 55. Kg2 Kg7 56. Qd4+ Qf6 57. Qd7+ Qf7 58. Qd8 Qf6 59. Qd7+ (59. Qc7+ {keeps more tension.} Kh6 60. Qc1+ Kg7 61. Qc7+) 59... Qf7 60. Qd2 Qf6 61. Kh3 Qf7 62. Kg2 Qf6 63. Qd3 Qf7 64. Qd2 {Black escapes into a draw. Accuracy: White = 78%, Black = 51%.} 1/2-1/2

[Event "Stay Safe Play From Home 360"]
[Site "Emanuel Lasker Arena"]
[Date "2020.08.05"]
[Round "4"]
[White "Joroger"]
[Black "lazieri3"]
[Result "0-1"]
[WhiteElo "1870"]
[BlackElo "2008"]
[PlyCount "106"]
[EventDate "2020.08.05"]
[EventType "swiss (blitz)"]

1. d4 {[%emt 0:00:02]} c6 {[%emt 0:00:00]} 2. c4 {[%emt 0:00:02]} d5 {[%emt 0:00:00]} 3. Nf3 {[%emt 0:00:01]} Nf6 {[%emt 0:00:01]} 4. Nc3 {[%emt 0:00:01]} Bf5 {[%emt 0:00:01]} 5. e3 {[%emt 0:00:01]} e6 {[%emt 0:00:01]} 6. Bd3 {[%emt 0:00:01]} Bxd3 {[%emt 0:00:01]} 7. Qxd3 {[%emt 0:00:01]} h6 {[%emt 0:00:00]} 8. O-O {[%emt 0:00:01]} Bd6 {[%emt 0:00:00]} 9. e4 {[%emt 0:00:01]} dxe4 {[%emt 0:00:01]} 10. Nxe4 {[%emt 0:00:00]} Nxe4 {[%emt 0:00:00]} 11. Qxe4 {[%emt 0:00:00]} O-O {[%emt 0:00:01]} 12. Bf4 {[%emt 0:00:02]} Bxf4 {[%emt 0:00:01]} 13. Qxf4 {[%emt 0:00:00]} Nd7 {[%emt 0:00:00]} 14. Rad1 {[%emt 0:00:01]} Qb8 {[%emt 0:00:04]} 15. Qxb8 {[%emt 0:00:06]} Raxb8 {[%emt 0:00:00]} 16. Rd3 {[%emt 0:00:01]} Rbd8 {[%emt 0:00:01]} 17. Rfd1 {[%emt 0:00:01]} Rfe8 {[%emt 0:00:02]} 18. Kf1 {[%emt 0:00:02]} Nf6 {[%emt 0:00:03]} 19. Ne5 {[%emt 0:00:06]} Nd7 {[%emt 0:00:02]} 20. f3 {[%emt 0:00:08]} Kf8 {[%emt 0:00:02]} 21. Ke2 {[%emt 0:00:06]} Nxe5 {[%emt 0:00:01]} 22. dxe5 {[%emt 0:00:01]} Ke7 {[%emt 0:00:03]} 23. Rxd8 {[%emt 0:00:17]} Rxd8 {[%emt 0:00:00]} 24. Rxd8 {[%emt 0:00:01]} Kxd8 {[%emt 0:00:01]} 25. Kd3 {[%emt 0:00:10]} Kc7 {[%emt 0:00:00]} 26. Kd4 {[%emt 0:00:02]} b6 {[%emt 0:00:01]} 27. c5 {[%emt 0:00:04]} Kb7 {[%emt 0:00:02]} 28. Kc4 {[%emt 0:00:08]} Kc7 {[%emt 0:00:05]} 29. b4 {[%emt 0:00:02]} Kb7 {[%emt 0:00:01]} 30. a3 {[%emt 0:00:03]} Ka6 {[%emt 0:00:09]} 31. f4 {[%emt 0:00:09]} h5 {[%emt 0:00:02]} 32. g3 {[%emt 0:00:02]} Kb7 {[%emt 0:00:08]} 33. Kd4 {[%emt 0:00:05]} Kc7 {[%emt 0:00:05]} 34. Kc4 {[%emt 0:00:03]} Kd7 {[%emt 0:00:05]} 35. Kd4 {[%emt 0:00:06]} Ke7 {[%emt 0:00:05]} 36. Kc4 {[%emt 0:00:13]} b5+ {[%emt 0:00:02]} 37. Kb3 {[%emt 0:00:10]} f6 {[%emt 0:00:07]} 38. a4 {[%emt 0:00:14]} a6 {[%emt 0:00:03]} 39. axb5 {[%emt 0:00:03]} axb5 {[%emt 0:00:00]} 40. exf6+ {[%emt 0:00:24]} Kxf6 {[%emt 0:00:40]} 41. Kc3 {[%emt 0:00:00]} e5 {[%emt 0:01:11]} 42. fxe5+ {[%emt 0:00:26]} Kxe5 {[%emt 0:00:00]} 43. Kd3 {[%emt 0:00:01]} Kd5 {[%emt 0:00:06]} 44. h3 {[%emt 0:00:31]} g5 {[%emt 0:00:03]} 45. g4 {[%emt 0:00:11]} h4 {[%emt 0:00:08]} 46. Ke3 {[%emt 0:00:02]} Kc4 {[%emt 0:00:01]} 47. Ke4 {[%emt 0:00:01]} Kxb4 {[%emt 0:00:01]} 48. Kf5 {[%emt 0:00:00]} Kxc5 {[%emt 0:00:01]} 49. Kxg5 {[%emt 0:00:00]} b4 {[%emt 0:00:00]} 50. Kf6 {[%emt 0:00:15]} b3 {[%emt 0:00:01]} 51. g5 {[%emt 0:00:00]} b2 {[%emt 0:00:01]} 52. g6 {[%emt 0:00:00]} b1=Q {[%emt 0:00:00]} 53. g7 {[%emt 0:00:00]} Qb3 {[%emt 0:00:02] Joroger gibt auf Joroger gibt auf Joroger gibt auf Joroger gibt auf Joroger gibt auf (Lag: Av=0.49s, max=0.6s) (Lag: Av=0.49s, max=0.6s) (Lag: Av=0.49s, max=0.6s) (Lag: Av=0.49s, max=0.6s) (Lag: Av=0.49s, max=0.6s)} 0-1

[Event "Stay Safe Play From Home 360"]
[Site "Emanuel Lasker Arena"]
[Date "2020.08.05"]
[Round "4"]
[White "Batabat1955"]
[Black "No name"]
[Result "1-0"]
[WhiteElo "1866"]
[BlackElo "2071"]
[Annotator "NA RC"]
[PlyCount "69"]
[EventDate "2020.08.05"]
[EventType "swiss (blitz)"]

1. e4 {[%emt 0:00:01]} e6 {[%emt 0:00:21]} 2. d4 {[%emt 0:00:02]} d5 {[%emt 0:00:09]} 3. Nd2 {[%emt 0:00:03]} Nf6 {[%emt 0:00:04]} 4. e5 {[%emt 0:00:01]} Nfd7 {[%emt 0:00:01]} 5. c3 {[%emt 0:00:08]} c5 {[%emt 0:00:05]} 6. f4 {[%emt 0:00:03]} Nc6 {[%emt 0:00:05]} 7. Ngf3 {[%emt 0:00:01]} b6 {[%emt 0:00:02]} 8. Bd3 {[%emt 0:00:02]} Bb7 {[%emt 0:00:01]} 9. O-O {[%emt 0:00:01]} Be7 {[%emt 0:00:02]} 10. f5 {[%emt 0:00:01]} Qc7 {[%emt 0:00:05]} 11. fxe6 {[%emt 0:00:01]} fxe6 {[%emt 0:00:00]} 12. a4 {[%emt 0:00:21]} O-O-O {[%emt 0:00:02]} 13. Qe2 {[%emt 0:00:11]} g5 {[%emt 0:00:02]} 14. Ba6 {[%emt 0:00:04]} g4 {[%emt 0:00:10]} 15. Bxb7+ {[%emt 0:00:02]} Kxb7 {[%emt 0:00:06]} 16. Ne1 {[%emt 0:00:24]} cxd4 {[%emt 0:00:03]} 17. Qxg4 {[%emt 0:00:06]} Ndxe5 {[%emt 0:00:21]} 18. Qxe6 {[%emt 0:00:08]} dxc3 {[%emt 0:00:08]} 19. bxc3 {[%emt 0:00:18]} Bc5+ {[%emt 0:00:02]} 20. Kh1 {[%emt 0:00:02]} Rde8 {[%emt 0:00:37]} 21. Qxd5 {[%emt 0:00:11]} Ng4 {[%emt 0:00:02]} 22. Nef3 {[%emt 0:00:05]} Ne3 {[%emt 0:00:47]} 23. Qh5 {[%emt 0:00:48]} Qg7 {[%emt 0:00:06]} 24. Qh3 {[%emt 0:00:15]} Nxf1 {[%emt 0:00:16]} 25. Nxf1 {[%emt 0:00:01]} Rd8 {[%emt 0:00:32]} 26. Bb2 {[%emt 0:00:27]} Qd7 {[%emt 0:00:04]} 27. Qxd7+ {[%emt 0:00:27]} Rxd7 {[%emt 0:00:00]} 28. c4 {[%emt 0:00:05]} Re8 {[%emt 0:00:01]} 29. Ng3 {[%emt 0:00:09]} Na5 {[%emt 0:00:01]} 30. Rc1 {[%emt 0:00:16]} Nxc4 {[%emt 0:00:04]} 31. Bc3 {[%emt 0:00:05]} Nd6 {[%emt 0:00:05]} 32. h3 {[%emt 0:00:01]} Ne4 {[%emt 0:00:02]} 33. Nxe4 {[%emt 0:00:01]} Rxe4 {[%emt 0:00:00]} 34. a5 {[%emt 0:00:00]} Rc4 {[%emt 0:00:01]} 35. Bb2 {[%emt 0:00:01] Time Time Time Time Time (Lag: Av=1.14s, max=16.0s) (Lag: Av=1.14s, max=16.0s) (Lag: Av=1.14s, max=16.0s) (Lag: Av=1.14s, max=16.0s) (Lag: Av=1.14s, max=16.0s)} 1-0

[Event "Stay Safe Play From Home 360"]
[Site "Emanuel Lasker Arena"]
[Date "2020.08.05"]
[Round "4"]
[White "Buzaglo"]
[Black "Dukic"]
[Result "0-1"]
[WhiteElo "1734"]
[BlackElo "1853"]
[Annotator "NA"]
[PlyCount "44"]
[EventDate "2020.08.05"]
[EventType "swiss (blitz)"]

1. d4 {[%emt 0:00:01]} c6 {[%emt 0:00:03]} 2. Nf3 {[%emt 0:00:01]} d6 {[%emt 0:00:00]} 3. g3 {[%emt 0:00:01]} Nd7 {[%emt 0:00:01]} 4. Bg2 {[%emt 0:00:01]} e5 {[%emt 0:00:01]} 5. dxe5 {[%emt 0:00:01]} dxe5 {[%emt 0:00:01]} 6. e4 {[%emt 0:00:02]} Be7 {[%emt 0:00:01]} 7. O-O {[%emt 0:00:01]} h5 {[%emt 0:00:01]} 8. h4 {[%emt 0:00:02]} f6 {[%emt 0:00:01]} 9. c4 {[%emt 0:00:03]} Nh6 {[%emt 0:00:02]} 10. Bxh6 {[%emt 0:00:07]} Rxh6 {[%emt 0:00:02]} 11. Nc3 {[%emt 0:00:03]} Qb6 {[%emt 0:00:04]} 12. b3 {[%emt 0:00:05]} Ba3 {[%emt 0:00:06]} 13. Na4 {[%emt 0:00:06]} Qa5 {[%emt 0:00:03]} 14. Rb1 {[%emt 0:00:10]} b5 {[%emt 0:00:08]} 15. Nb2 {[%emt 0:00:13]} Nc5 {[%emt 0:00:05]} 16. cxb5 {[%emt 0:00:41]} cxb5 {[%emt 0:00:03]} 17. Qd6 {[%emt 0:00:10]} Bb7 {[%emt 0:00:17]} 18. Bh3 {[%emt 0:00:21]} Rd8 {[%emt 0:00:04]} 19. b4 {[%emt 0:00:22]} Bxb4 {[%emt 0:00:06]} 20. Bd7+ {[%emt 0:00:57]} Rxd7 {[%emt 0:00:04]} 21. Qb8+ {[%emt 0:00:02]} Rd8 {[%emt 0:00:01]} 22. Nc4 {[%emt 0:00:06]} bxc4 {[%emt 0:00:05] Buzaglo resigns Buzaglo resigns Buzaglo resigns Buzaglo resigns Buzaglo resigns (Lag: Av=0.57s, max=0.9s) (Lag: Av=0.57s, max=0.9s) (Lag: Av=0.57s, max=0.9s) (Lag: Av=0.57s, max=0.9s) (Lag: Av=0.57s, max=0.9s)} 0-1

[Event "Stay Safe Play From Home 360"]
[Site "Emanuel Lasker Arena"]
[Date "2020.08.05"]
[Round "4"]
[White "Erdema"]
[Black "Padmaesh M K"]
[Result "0-1"]
[WhiteElo "1651"]
[BlackElo "1727"]
[Annotator "NA RC"]
[PlyCount "84"]
[EventDate "2020.08.05"]
[EventType "swiss (blitz)"]

1. e4 {[%emt 0:00:02]} e6 {[%emt 0:00:02]} 2. d4 {[%emt 0:00:02]} d5 {[%emt 0:00:02]} 3. exd5 {[%emt 0:00:01]} exd5 {[%emt 0:00:03]} 4. Bd3 {[%emt 0:00:00]} c5 {[%emt 0:00:06]} 5. dxc5 {[%emt 0:00:04]} Bxc5 {[%emt 0:00:04]} 6. h3 {[%emt 0:00:02]} Nf6 {[%emt 0:00:04]} 7. Nf3 {[%emt 0:00:02]} O-O {[%emt 0:00:06]} 8. O-O {[%emt 0:00:01]} Nc6 {[%emt 0:00:06]} 9. a3 {[%emt 0:00:02]} Ne4 {[%emt 0:00:05]} 10. Nc3 {[%emt 0:00:08]} Bf5 {[%emt 0:00:11]} 11. Bf4 {[%emt 0:00:07]} Re8 {[%emt 0:00:05]} 12. b4 {[%emt 0:00:10]} Nxc3 {[%emt 0:00:11]} 13. Qc1 {[%emt 0:00:25]} Bxd3 {[%emt 0:00:06]} 14. Qb2 {[%emt 0:00:13]} Ne2+ {[%emt 0:00:05]} 15. Kh2 {[%emt 0:00:03]} Nxf4 {[%emt 0:00:01]} 16. cxd3 {[%emt 0:00:04]} Nxd3 {[%emt 0:00:03]} 17. Qc3 {[%emt 0:00:09]} Bd6+ {[%emt 0:00:01]} 18. Kg1 {[%emt 0:00:06]} Nde5 {[%emt 0:00:02]} 19. Rad1 {[%emt 0:00:20]} Nxf3+ {[%emt 0:00:08]} 20. Qxf3 {[%emt 0:00:02]} d4 {[%emt 0:00:03]} 21. Kh1 {[%emt 0:00:05]} Qf6 {[%emt 0:00:05]} 22. Qxf6 {[%emt 0:00:13]} gxf6 {[%emt 0:00:00]} 23. b5 {[%emt 0:00:03]} Ne5 {[%emt 0:00:03]} 24. Rxd4 {[%emt 0:00:02]} Bxa3 {[%emt 0:00:01]} 25. Rf4 {[%emt 0:00:03]} Re6 {[%emt 0:00:04]} 26. Ra1 {[%emt 0:00:04]} Bd6 {[%emt 0:00:03]} 27. Re4 {[%emt 0:00:11]} Ng6 {[%emt 0:00:05]} 28. Rg4 {[%emt 0:00:04]} Rae8 {[%emt 0:00:04]} 29. g3 {[%emt 0:00:04]} Re1+ {[%emt 0:00:01]} 30. Rxe1 {[%emt 0:00:02]} Rxe1+ {[%emt 0:00:00]} 31. Kg2 {[%emt 0:00:01]} Rb1 {[%emt 0:00:01]} 32. h4 {[%emt 0:00:03]} Rxb5 {[%emt 0:00:02]} 33. Kh3 {[%emt 0:00:12]} a5 {[%emt 0:00:04]} 34. Kg2 {[%emt 0:00:16]} Rb4 {[%emt 0:00:03]} 35. f4 {[%emt 0:00:13]} f5 {[%emt 0:00:12]} 36. Rg5 {[%emt 0:00:02]} Rb5 {[%emt 0:00:10]} 37. g4 {[%emt 0:00:16]} f6 {[%emt 0:00:09]} 38. Rxf5 {[%emt 0:00:03]} Nxh4+ {[%emt 0:00:03]} 39. Kf2 {[%emt 0:00:03]} Nxf5 {[%emt 0:00:00]} 40. gxf5 {[%emt 0:00:02]} a4 {[%emt 0:00:01]} 41. Ke2 {[%emt 0:00:02]} a3 {[%emt 0:00:00]} 42. Kd2 {[%emt 0:00:01]} a2 {[%emt 0:00:02] Erdema terk eder Erdema terk eder Erdema terk eder Erdema terk eder Erdema terk eder (Lag: Av=0.61s, max=0.7s) (Lag: Av=0.61s, max=0.7s) (Lag: Av=0.61s, max=0.7s) (Lag: Av=0.61s, max=0.7s) (Lag: Av=0.61s, max=0.7s)} 0-1

[Event "Stay Safe Play From Home 360"]
[Site "Emanuel Lasker Arena"]
[Date "2020.08.05"]
[Round "5"]
[White "SelamiSahin"]
[Black "Batabat1955"]
[Result "1-0"]
[WhiteElo "2098"]
[BlackElo "1981"]
[Annotator "NA RC"]
[PlyCount "85"]
[EventDate "2020.08.05"]
[EventType "swiss (blitz)"]

{Yarar, Atakan} 1. d4 {[%emt 0:00:05]} e6 {[%emt 0:00:01]} 2. c4 {[%emt 0:00:05]} d5 {[%emt 0:00:00]} 3. Nc3 {[%emt 0:00:01]} Nf6 {[%emt 0:00:01]} 4. Bg5 {[%emt 0:00:03]} Be7 {[%emt 0:00:01]} 5. e3 {[%emt 0:00:04]} Nbd7 {[%emt 0:00:01]} 6. Qc2 {[%emt 0:00:04]} c6 {[%emt 0:00:04]} 7. cxd5 {[%emt 0:00:02]} exd5 {[%emt 0:00:01]} 8. Bd3 {[%emt 0:00:08]} h6 {[%emt 0:00:04]} 9. Bh4 {[%emt 0:00:09]} O-O {[%emt 0:00:01]} 10. Nge2 {[%emt 0:00:05]} Re8 {[%emt 0:00:01]} 11. f3 {[%emt 0:00:04]} Nf8 {[%emt 0:00:05]} 12. O-O {[%emt 0:00:06]} Be6 {[%emt 0:00:06]} 13. e4 {[%emt 0:00:03]} dxe4 {[%emt 0:00:01]} 14. fxe4 {[%emt 0:00:02]} Qa5 {[%emt 0:00:15]} 15. Nf4 {[%emt 0:00:12]} g5 {[%emt 0:00:20]} 16. Nxe6 {[%emt 0:00:03]} Nxe6 {[%emt 0:00:02]} 17. Bf2 {[%emt 0:00:01]} Rad8 {[%emt 0:00:05]} 18. e5 {[%emt 0:00:00]} Ng4 {[%emt 0:00:02]} 19. Bc4 {[%emt 0:00:04]} Nxf2 {[%emt 0:00:29]} 20. Qxf2 {[%emt 0:00:01]} Rf8 {[%emt 0:00:27]} 21. Qf5 {[%emt 0:00:07]} Ng7 {[%emt 0:00:15]} 22. Bxf7+ {[%emt 0:00:06]} Kh8 {[%emt 0:00:04]} 23. Qg6 {[%emt 0:00:01]} Rxf7 {[%emt 0:00:21]} 24. Rxf7 {[%emt 0:00:01]} Bf8 {[%emt 0:00:15]} 25. Raf1 {[%emt 0:00:01]} Qb4 {[%emt 0:00:08]} 26. Qxh6+ {[%emt 0:00:02]} Kg8 {[%emt 0:00:02]} 27. Qxg5 {[%emt 0:00:31]} Qxd4+ {[%emt 0:00:05]} 28. Kh1 {[%emt 0:00:01]} Re8 {[%emt 0:00:25]} 29. Ne4 {[%emt 0:00:03]} Qxe4 {[%emt 0:00:09]} 30. Qf6 {[%emt 0:00:15]} Qb4 {[%emt 0:00:31]} 31. a3 {[%emt 0:00:03]} Qc5 {[%emt 0:00:06]} 32. b4 {[%emt 0:00:02]} Qxe5 {[%emt 0:00:05]} 33. Rxf8+ {[%emt 0:00:01]} Kh7 {[%emt 0:00:04]} 34. Qh4+ {[%emt 0:00:09]} Nh5 {[%emt 0:00:11]} 35. R1f7+ {[%emt 0:00:06]} Kg6 {[%emt 0:00:01]} 36. Qg4+ {[%emt 0:00:04]} Qg5 {[%emt 0:00:02]} 37. Qxg5+ {[%emt 0:00:01]} Kxg5 {[%emt 0:00:01]} 38. Rxe8 {[%emt 0:00:01]} a5 {[%emt 0:00:02]} 39. bxa5 {[%emt 0:00:02]} Nf4 {[%emt 0:00:01]} 40. Rxf4 {[%emt 0:00:02]} Kxf4 {[%emt 0:00:01]} 41. Rb8 {[%emt 0:00:00]} b6 {[%emt 0:00:01]} 42. Rxb6 {[%emt 0:00:01]} Ke5 {[%emt 0:00:00]} 43. Rxc6 {[%emt 0:00:01] Batabat1955 resigns Batabat1955 resigns Batabat1955 resigns Batabat1955 resigns Batabat1955 resigns (Lag: Av=0.59s, max=1.1s) (Lag: Av=0.59s, max=1.1s) (Lag: Av=0.59s, max=1.1s) (Lag: Av=0.59s, max=1.1s) (Lag: Av=0.59s, max=1.1s)} 1-0

[Event "Stay Safe Play From Home 360"]
[Site "Emanuel Lasker Arena"]
[Date "2020.08.05"]
[Round "5"]
[White "Dukic"]
[Black "lazieri3"]
[Result "1-0"]
[WhiteElo "1864"]
[BlackElo "2019"]
[Annotator "TA"]
[PlyCount "65"]
[EventDate "2020.08.05"]
[EventType "swiss (blitz)"]

{[%evp 11,65,25,30,0,6,8,3,10,19,19,31,23,41,41,50,44,53,35,31,-97,62,55,101,95,210,203,192,103,87,37,31,16,14,-25,-20,-30,-26,-37,0,-19,0,0,0,-34,-48,-233,-231,-231,-80,-52,400,0,126,122,29998,29999]} 1. d4 c6 2. c4 d5 3. cxd5 cxd5 4. Nc3 Nf6 5. Nf3 e6 6. Bf4 Bd6 7. Bg5 {D13: Slav Defence: Exchange variation without ...Bf5.} h6 8. Bh4 O-O 9. e3 {The position is equal.} Nc6 10. Bd3 {[#]} Bd7 $146 ({Predecessor:} 10... Be7 11. O-O b6 12. Rc1 Bb7 13. Qe2 Rc8 14. a3 Na5 15. Ne5 Ne4 16. Bxe7 Qxe7 17. Bxe4 dxe4 18. b4 Nc6 19. Nxc6 Rxc6 20. b5 Rc7 {0-1 (56) Sutkovic,D (2331)-Nestorovic,L (2380) Sarajevo 2013}) 11. O-O Re8 12. Rc1 Rc8 13. a3 Be7 14. b4 a6 15. Na4 {[#]} (15. Ne5 $14) 15... Nh5 $2 (15... Nxd4 $1 $17 {[%mdl 512]} 16. exd4 Rxc1 17. Qxc1 Bxa4) 16. Bxe7 Nxe7 17. Nc5 Bc6 (17... Rc7 $16) 18. Ne5 $18 Nf6 19. f3 (19. Nxc6 $18 bxc6 20. Nxa6 (20. Bxa6 Ra8 $16)) 19... Qb6 $16 20. Qe2 Bb5 21. Bxb5 axb5 22. Rc3 Nf5 23. g4 Nd6 24. h4 Nc4 25. g5 hxg5 26. hxg5 Nh5 {aiming for ...Ng3.} 27. f4 Ng3 $1 {[%csl LRe2,LRf1][%mdl 64] Double Attack} 28. Qf3 $2 (28. Qh2 $15 Nxf1 29. Kxf1) 28... Nxf1 $19 29. Qxf1 Qc7 $2 (29... Nxe5 $1 $19 30. dxe5 Qa7 31. Qxb5 b6) 30. Qh3 $17 {Threatens to win with g6.} b6 $2 {[%mdl 8192] [#]} (30... Nxe5 $15 {keeps the upper hand.} 31. dxe5 d4 $1 {[%mdl 512]} 32. exd4 Qd8) 31. Ncd3 $2 (31. Ncd7 $1 $18) 31... Qe7 (31... Qd8 $11 {remains equal.} 32. g6 Nxe5 {[%mdl 64] Discovered Attack} 33. Nxe5 fxg6 34. Nxg6 Qf6 35. Qh8+ {[#]} Kf7 $1 {[%mdl 512]} 36. Ne5+ Ke7 37. Rxc8 Rxh8 38. Rxh8 Qf5) 32. g6 $16 Nxe5 $4 {[%mdl 8192]} (32... fxg6 $16 33. Rxc4 Qf6 34. Rxc8 Rxc8) 33. Qh7+ {Quite a comeback for White. Accuracy: White = 56%, Black = 49%.} 1-0

[Event "Stay Safe Play From Home 360"]
[Site "Emanuel Lasker Arena"]
[Date "2020.08.05"]
[Round "5"]
[White "Joroger"]
[Black "Buzaglo"]
[Result "1-0"]
[WhiteElo "1860"]
[BlackElo "1723"]
[Annotator "NA RC"]
[PlyCount "145"]
[EventDate "2020.08.05"]
[EventType "swiss (blitz)"]

1. d4 {[%emt 0:00:04]} d5 {[%emt 0:00:01]} 2. c4 {[%emt 0:00:01]} e6 {[%emt 0:00:01]} 3. Nf3 {[%emt 0:00:01]} Nf6 {[%emt 0:00:01]} 4. Nc3 {[%emt 0:00:01]} c6 {[%emt 0:00:10]} 5. e3 {[%emt 0:00:01]} Bb4 {[%emt 0:00:02]} 6. Bd3 {[%emt 0:00:00]} dxc4 {[%emt 0:00:01]} 7. Bxc4 {[%emt 0:00:01]} O-O {[%emt 0:00:01]} 8. O-O {[%emt 0:00:01]} b5 {[%emt 0:00:03]} 9. Bd3 {[%emt 0:00:02]} c5 {[%emt 0:00:06]} 10. Bxb5 {[%emt 0:00:03]} cxd4 {[%emt 0:00:01]} 11. exd4 {[%emt 0:00:01]} a6 {[%emt 0:00:03]} 12. Bd3 {[%emt 0:00:02]} Bb7 {[%emt 0:00:02]} 13. Bg5 {[%emt 0:00:04]} Nbd7 {[%emt 0:00:02]} 14. Qe2 {[%emt 0:00:08]} Qb6 {[%emt 0:00:04]} 15. Rfd1 {[%emt 0:00:11]} h6 {[%emt 0:00:03]} 16. Bh4 {[%emt 0:00:04]} Rac8 {[%emt 0:00:09]} 17. Rac1 {[%emt 0:00:03]} Bd6 {[%emt 0:00:13]} 18. Ne5 {[%emt 0:00:20]} Qa5 {[%emt 0:00:33]} 19. Bg3 {[%emt 0:00:32]} Bb4 {[%emt 0:00:24]} 20. Ne4 {[%emt 0:00:34]} Nxe4 {[%emt 0:00:57]} 21. Bxe4 {[%emt 0:00:26]} Bxe4 {[%emt 0:00:02]} 22. Nxd7 {[%emt 0:00:24]} Bc6 {[%emt 0:00:27]} 23. Nxf8 {[%emt 0:00:07]} Bxf8 {[%emt 0:00:00]} 24. a3 {[%emt 0:00:10]} Qd5 {[%emt 0:00:02]} 25. f3 {[%emt 0:00:04]} Bb5 {[%emt 0:00:06]} 26. Qd2 {[%emt 0:00:22]} Rd8 {[%emt 0:00:09]} 27. Be5 {[%emt 0:00:14]} f6 {[%emt 0:00:07]} 28. Bc7 {[%emt 0:00:04]} Rd7 {[%emt 0:00:03]} 29. Bg3 {[%emt 0:00:03]} Ba4 {[%emt 0:00:08]} 30. Re1 {[%emt 0:00:04]} Bb5 {[%emt 0:00:11]} 31. Bf2 {[%emt 0:00:02]} e5 {[%emt 0:00:05]} 32. Rcd1 {[%emt 0:00:14]} Qc4 {[%emt 0:00:04]} 33. d5 {[%emt 0:00:06]} Bd6 {[%emt 0:00:08]} 34. Rc1 {[%emt 0:00:03]} Qa4 {[%emt 0:00:02]} 35. Qc2 {[%emt 0:00:04]} Kf7 {[%emt 0:00:02]} 36. Qxa4 {[%emt 0:00:03]} Bxa4 {[%emt 0:00:01]} 37. Rc3 {[%emt 0:00:02]} f5 {[%emt 0:00:04]} 38. Rec1 {[%emt 0:00:00]} Kf6 {[%emt 0:00:02]} 39. Bc5 {[%emt 0:00:01]} Bxc5+ {[%emt 0:00:02]} 40. Rxc5 {[%emt 0:00:00]} Bb5 {[%emt 0:00:01]} 41. b3 {[%emt 0:00:01]} e4 {[%emt 0:00:04]} 42. a4 {[%emt 0:00:00]} Bd3 {[%emt 0:00:02]} 43. fxe4 {[%emt 0:00:01]} fxe4 {[%emt 0:00:01]} 44. Kf2 {[%emt 0:00:00]} Ke5 {[%emt 0:00:00]} 45. Ke3 {[%emt 0:00:00]} g5 {[%emt 0:00:02]} 46. Rc7 {[%emt 0:00:03]} Rd6 {[%emt 0:00:02]} 47. R7c6 {[%emt 0:00:02]} Rxd5 {[%emt 0:00:01]} 48. Rxh6 {[%emt 0:00:02]} Kf5 {[%emt 0:00:01]} 49. Rxa6 {[%emt 0:00:01]} Kg4 {[%emt 0:00:00]} 50. Ra5 {[%emt 0:00:01]} Rf5 {[%emt 0:00:00]} 51. Rxf5 {[%emt 0:00:01]} Kxf5 {[%emt 0:00:00]} 52. Kd4 {[%emt 0:00:01]} g4 {[%emt 0:00:00]} 53. Ke3 {[%emt 0:00:00]} Kg5 {[%emt 0:00:01]} 54. g3 {[%emt 0:00:00]} Kf6 {[%emt 0:00:01]} 55. Rc5 {[%emt 0:00:00]} Ke6 {[%emt 0:00:01]} 56. Ra5 {[%emt 0:00:00]} Kd6 {[%emt 0:00:00]} 57. b4 {[%emt 0:00:00]} Kc6 {[%emt 0:00:00]} 58. b5+ {[%emt 0:00:00]} Kb7 {[%emt 0:00:00]} 59. Ra6 {[%emt 0:00:00]} Kb8 {[%emt 0:00:01]} 60. Rd6 {[%emt 0:00:00]} Kb7 {[%emt 0:00:00]} 61. Rxd3 {[%emt 0:00:00]} Kc7 {[%emt 0:00:01]} 62. Rd4 {[%emt 0:00:00]} Kb6 {[%emt 0:00:00]} 63. Rxe4 {[%emt 0:00:01]} Ka5 {[%emt 0:00:00]} 64. Rxg4 {[%emt 0:00:00]} Kb6 {[%emt 0:00:01]} 65. Re4 {[%emt 0:00:00]} Kc5 {[%emt 0:00:00]} 66. g4 {[%emt 0:00:00]} Kd6 {[%emt 0:00:00]} 67. g5 {[%emt 0:00:00]} Kd5 {[%emt 0:00:00]} 68. g6 {[%emt 0:00:00]} Kc5 {[%emt 0:00:00]} 69. g7 {[%emt 0:00:00]} Kb6 {[%emt 0:00:00]} 70. g8=Q {[%emt 0:00:00]} Ka5 {[%emt 0:00:00]} 71. Qg5 {[%emt 0:00:00]} Kb6 {[%emt 0:00:00]} 72. Re6+ {[%emt 0:00:00]} Kc7 {[%emt 0:00:00]} 73. Qg7+ {[%emt 0:00:00] Time Time Time Time Time (Lag: Av=0.49s, max=1.0s) (Lag: Av=0.49s, max=1.0s) (Lag: Av=0.49s, max=1.0s) (Lag: Av=0.49s, max=1.0s) (Lag: Av=0.49s, max=1.0s)} 1-0